<?xml version='1.0' encoding='UTF-8'?>
  <record xmlns="http://www.loc.gov/MARC21/slim">
    <leader>00000cam a2200000 a 4500</leader>
    <controlfield tag="001">ocm23406414</controlfield>
    <controlfield tag="003">OCoLC</controlfield>
    <controlfield tag="005">20250726153652.7</controlfield>
    <controlfield tag="008">890412s1884    ne a     b    000 0 fre d</controlfield>
    <datafield tag="040" ind1=" " ind2=" ">
      <subfield code="a">EYM</subfield>
      <subfield code="b">eng</subfield>
      <subfield code="c">EYM</subfield>
      <subfield code="d">GAT</subfield>
      <subfield code="d">OCLCQ</subfield>
      <subfield code="d">CIN</subfield>
      <subfield code="d">OCLCF</subfield>
      <subfield code="d">OCLCQ</subfield>
      <subfield code="d">UKMGB</subfield>
      <subfield code="d">PAU</subfield>
      <subfield code="d">OCLCO</subfield>
      <subfield code="d">OCLCQ</subfield>
      <subfield code="d">OCLCL</subfield>
    </datafield>
    <datafield tag="016" ind1="7" ind2=" ">
      <subfield code="a">001704242</subfield>
      <subfield code="2">Uk</subfield>
    </datafield>
    <datafield tag="019" ind1=" " ind2=" ">
      <subfield code="a">2739108</subfield>
      <subfield code="a">1051585111</subfield>
      <subfield code="a">1051657083</subfield>
      <subfield code="a">1113002983</subfield>
      <subfield code="a">1145648231</subfield>
    </datafield>
    <datafield tag="029" ind1="1" ind2=" ">
      <subfield code="a">NLGGC</subfield>
      <subfield code="b">059105054</subfield>
    </datafield>
    <datafield tag="029" ind1="1" ind2=" ">
      <subfield code="a">UKMGB</subfield>
      <subfield code="b">001704242</subfield>
    </datafield>
    <datafield tag="029" ind1="1" ind2=" ">
      <subfield code="a">ZWZ</subfield>
      <subfield code="b">021959889</subfield>
    </datafield>
    <datafield tag="035" ind1=" " ind2=" ">
      <subfield code="a">(OCoLC)23406414</subfield>
      <subfield code="z">(OCoLC)2739108</subfield>
      <subfield code="z">(OCoLC)1051585111</subfield>
      <subfield code="z">(OCoLC)1051657083</subfield>
      <subfield code="z">(OCoLC)1113002983</subfield>
      <subfield code="z">(OCoLC)1145648231</subfield>
    </datafield>
    <datafield tag="050" ind1=" " ind2="4">
      <subfield code="a">QD501</subfield>
      <subfield code="b">.H73 1884</subfield>
    </datafield>
    <datafield tag="082" ind1="1" ind2="4">
      <subfield code="a">541</subfield>
      <subfield code="q">OCoLC</subfield>
      <subfield code="2">21/eng/20230216</subfield>
      <subfield code="1">https://id.oclc.org/worldcat/ddc/E3p3RrrFRFWTgRxhfgr8M8wmxX</subfield>
    </datafield>
    <datafield tag="100" ind1="1" ind2=" ">
      <subfield code="a">Hoff, J. H. van 't</subfield>
      <subfield code="q">(Jacobus Henricus),</subfield>
      <subfield code="d">1852-1911.</subfield>
      <subfield code="1">https://id.oclc.org/worldcat/entity/E39PBJvRTbJF93KVFwjc78TPwC</subfield>
    </datafield>
    <datafield tag="245" ind1="1" ind2="0">
      <subfield code="a">Études de dynamique chimique /</subfield>
      <subfield code="c">par J.H. vanʼt Hoff.</subfield>
    </datafield>
    <datafield tag="260" ind1=" " ind2=" ">
      <subfield code="a">Amsterdam :</subfield>
      <subfield code="b">Frederik Muller &amp; Co.,</subfield>
      <subfield code="c">1884.</subfield>
    </datafield>
    <datafield tag="300" ind1=" " ind2=" ">
      <subfield code="a">iv, 214, [1] pages :</subfield>
      <subfield code="b">illustrations ;</subfield>
      <subfield code="c">24 cm</subfield>
    </datafield>
    <datafield tag="336" ind1=" " ind2=" ">
      <subfield code="a">text</subfield>
      <subfield code="b">txt</subfield>
      <subfield code="2">rdacontent</subfield>
    </datafield>
    <datafield tag="337" ind1=" " ind2=" ">
      <subfield code="a">unmediated</subfield>
      <subfield code="b">n</subfield>
      <subfield code="2">rdamedia</subfield>
    </datafield>
    <datafield tag="338" ind1=" " ind2=" ">
      <subfield code="a">volume</subfield>
      <subfield code="b">nc</subfield>
      <subfield code="2">rdacarrier</subfield>
    </datafield>
    <datafield tag="340" ind1=" " ind2=" ">
      <subfield code="m">8vo.</subfield>
      <subfield code="2">rdabf</subfield>
    </datafield>
    <datafield tag="500" ind1=" " ind2=" ">
      <subfield code="a">Bound with: Studien zur chemischen Dynamik / nach J.H. van't Hoff's Études de dynamique chimique ; bearbeitet von Ernst Cohen (Amsterdam :Muller &amp; Co. ; Leipzig Engelmann, 1896)</subfield>
      <subfield code="5">OCU</subfield>
    </datafield>
    <datafield tag="504" ind1=" " ind2=" ">
      <subfield code="a">Includes bibliographical references.</subfield>
    </datafield>
    <datafield tag="650" ind1=" " ind2="0">
      <subfield code="a">Molecular dynamics.</subfield>
    </datafield>
    <datafield tag="650" ind1=" " ind2="0">
      <subfield code="a">Chemical equilibrium.</subfield>
    </datafield>
    <datafield tag="650" ind1=" " ind2="0">
      <subfield code="a">Chemical kinetics.</subfield>
    </datafield>
    <datafield tag="650" ind1=" " ind2="6">
      <subfield code="a">Dynamique moléculaire.</subfield>
    </datafield>
    <datafield tag="650" ind1=" " ind2="6">
      <subfield code="a">Équilibre chimique.</subfield>
    </datafield>
    <datafield tag="650" ind1=" " ind2="6">
      <subfield code="a">Cinétique chimique.</subfield>
    </datafield>
    <datafield tag="650" ind1=" " ind2="7">
      <subfield code="a">Chemical equilibrium.</subfield>
      <subfield code="2">fast</subfield>
      <subfield code="0">(OCoLC)fst00852943</subfield>
    </datafield>
    <datafield tag="650" ind1=" " ind2="7">
      <subfield code="a">Chemical kinetics.</subfield>
      <subfield code="2">fast</subfield>
      <subfield code="0">(OCoLC)fst00853025</subfield>
    </datafield>
    <datafield tag="650" ind1=" " ind2="7">
      <subfield code="a">Molecular dynamics.</subfield>
      <subfield code="2">fast</subfield>
      <subfield code="0">(OCoLC)fst01024778</subfield>
    </datafield>
    <datafield tag="758" ind1=" " ind2=" ">
      <subfield code="i">has work:</subfield>
      <subfield code="a">Études de dynamique chimique (Text)</subfield>
      <subfield code="1">https://id.oclc.org/worldcat/entity/E39PCGmv97yjfq7rf8BB7kq6Dq</subfield>
      <subfield code="4">https://id.oclc.org/worldcat/ontology/hasWork</subfield>
    </datafield>
    <datafield tag="776" ind1="0" ind2="8">
      <subfield code="i">Online version:</subfield>
      <subfield code="a">Hoff, J.H. van 't (Jacobus Henricus), 1852-1911.</subfield>
      <subfield code="t">Études de dynamique chimique.</subfield>
      <subfield code="d">Amsterdam : Frederik Muller &amp; Co., 1884</subfield>
      <subfield code="w">(OCoLC)612574968</subfield>
    </datafield>
  </record>